Statistics for Biggest U.S. Cities that end in "Ville"

Click here to take the quiz!

General Stats

  • This quiz has been taken 421 times
  • The average score is 8 of 16

Answer Stats

StatePopulationAnswer% Correct
Florida880,619Jacksonville
95%
Tennessee660,388Nashville
93%
Kentucky616,261Louisville
91%
Tennessee186,239Knoxville
71%
Alabama193,079Huntsville
59%
North Carolina100,992Greenville
50%
North Carolina204,759Fayetteville
49%
North Carolina101,004Asheville
45%
Indiana119,477Evansville
43%
Texas183,823Brownsville
41%
Tennessee150,289Clarksville
41%
Illinois147,122Naperville
39%
Florida131,591Gainesville
29%
California122,265Victorville
16%
California101,303Vacaville
15%
Texas104,659Lewisville
14%

Score Distribution

Percentile by Number Answered

Percent of People with Each Score

Your Score History

You have not taken this quiz